000
00307nam a2200133Ia 4500
005
20251222144730.0
008
251222s9999||||xx |||||||||||||| ||spa||
082
_a
944.949/D41
100
_a
Decaux, Alain
245
0
_a
Monaco
250
_a
1ra.ed.
264
_b
Librerie Académique Perrin
942
_c
LIB
999
_c
18570
_d
18570